000 00906nam a2200217Ia 4500
003 GCL
005 20240530102800.0
008 140319s9999 xx 000 0 ara d
040 _aGCL /
_cGCL
082 0 4 _a910.133
_bا ج
100 1 _aانور عبدالغنى العقاد
245 1 0 _aالجغرافية الاقتصادية :
_bموارد الطاقة والموارد المعدنية /
_cانور عبدالغنى العقاد ؛ محمد عبدالحميد الحمادى
260 _aبيروت :
_bدار النهضة العربية للطباعة والنشر ،
_c1984
300 _a582 ص ؛
_c24 سم
650 0 4 _aالتجارة
650 0 4 _aالاحوال الاقتصادية
650 0 4 _aالجغرافيا الاقتصادية
650 0 4 _aالجغرافيا البشرية
700 _a محمد عبدالحميد الحمادى
_eمولف مشارك
942 _2ddc
_cBK
999 _c34621
_d34621